<?xml version="1.0" encoding="UTF-8"?>
<collection xmlns="http://www.loc.gov/MARC21/slim">
 <record>
  <leader>01498nam a2200217Ia 4500</leader>
  <controlfield tag="001">CTU_198203</controlfield>
  <controlfield tag="008">210402s9999    xx            000 0 und d</controlfield>
  <datafield tag="082" ind1=" " ind2=" ">
   <subfield code="a">632.95</subfield>
  </datafield>
  <datafield tag="082" ind1=" " ind2=" ">
   <subfield code="b">T513</subfield>
  </datafield>
  <datafield tag="088" ind1=" " ind2=" ">
   <subfield code="a">TSV2014-02</subfield>
  </datafield>
  <datafield tag="100" ind1=" " ind2=" ">
   <subfield code="a">Lâm, Bách Tùng</subfield>
  </datafield>
  <datafield tag="245" ind1=" " ind2="0">
   <subfield code="a">Điều chế than hoạt tính gáo dừa để điều chế xúc tác oxy hóa pha lỏng xử lý dư lượng thuốc trừ sâu :</subfield>
  </datafield>
  <datafield tag="245" ind1=" " ind2="0">
   <subfield code="b">Báo cáo tổng kết đề tài nghiên cứu khoa học của sinh viên</subfield>
  </datafield>
  <datafield tag="245" ind1=" " ind2="0">
   <subfield code="c">Lâm Bách Tùng (Chủ nhiệm đề tài) ; Đặng Văn Sang, Trần Sỹ Nguyên (Cán bộ phối hợp nghiên cứu) ; Đoàn Văn Hồng Thiện (Người hướng dẫn)</subfield>
  </datafield>
  <datafield tag="260" ind1=" " ind2=" ">
   <subfield code="a">Cần Thơ</subfield>
  </datafield>
  <datafield tag="260" ind1=" " ind2=" ">
   <subfield code="b">Trường Đại học Cần Thơ</subfield>
  </datafield>
  <datafield tag="260" ind1=" " ind2=" ">
   <subfield code="c">2014</subfield>
  </datafield>
  <datafield tag="520" ind1=" " ind2=" ">
   <subfield code="a">Nội dung đề tài tìm hiểu chất thải thuốc trừ sâu từ quá trình sản xuất nông nghiệp và một số BVTV tại thành phố Cần Thơ; Nghiên cứu khả năng xử lý thuốc trừ sâu thông qua quá trình oxy hóa pha lõng với xúc tác từ gáo dừa ở các điều kiện khác nhau, thời gian và lượng xúc tác.</subfield>
  </datafield>
  <datafield tag="650" ind1=" " ind2=" ">
   <subfield code="a">Pesticides,Chemical industry,Thuốc trừ sâu,Công nghệ hóa học</subfield>
  </datafield>
  <datafield tag="904" ind1=" " ind2=" ">
   <subfield code="i">Tuyến</subfield>
  </datafield>
  <datafield tag="980" ind1=" " ind2=" ">
   <subfield code="a">Trung tâm Học liệu Trường Đại học Cần Thơ</subfield>
  </datafield>
 </record>
</collection>
